Guess the Lyrics #33 - Statistics

General Stats
  • This quiz has been taken 453 times
  • The average score is 124 of 287
Answer Stats
% Correct
I
99%
a
98%
the
93%
you
92%
You
92%
you?
92%
an
90%
And
84%
g'
81%
G'
81%
we
81%
to
80%
he
78%
me
78%
on
78%
in
76%
your
69%
are
68%
am
67%
they
63%
They
63%
I'm
57%
for
55%
If
52%
how
51%
Like
51%
all
49%
See
49%
see
49%
As
48%
don't
41%
Don't
41%
have
39%
from
38%
them
37%
together
36%
up
36%
Man,
35%
at
33%
get
33%
down
32%
Goo
32%
goo
32%
walrus
31%
come
29%
(Ooh)
29%
run
29%
been
28%
girl
28%
should
28%
boy
26%
Boy
26%
let
24%
think
24%
eggman
22%
fly
21%
gun
19%
sky
18%
eye
17%
crying
16%
crying,
16%
long
16%
pigs
16%
sun
16%
Waiting
16%
waiting
16%
Sitting
15%
sitting
15%
eggmen,
14%
eggmen
14%
Little
13%
Lucy
13%
face
12%
joob
12%
joob,
12%
Joob
12%
joob...
12%
naughty
12%
seen
12%
dead
11%
grow
11%
rain
11%
Yellow
11%
cornflake
10%
custard
10%
knickers
10%
city
9%
dog's
9%
van
9%
English
8%
pretty
8%
row
8%
bloody
7%
Dripping
7%
Garden
7%
(Ooh)
7%
standing
7%
Tuesday
7%
Corporation
6%
Eiffel
6%
matter
6%
Mister
6%
shirt
6%
singing
6%
Stupid
6%
tan
6%
tee
6%
Tower
6%
Allan
5%
Climbing
5%
Edgar
5%
Krishna
5%
Poe
5%
sty,
5%
Hare
4%
joker
4%
kicking
4%
laughs
4%
pornographic
4%
priestess
4%
smile
4%
choking
3%
Expert
3%
fishwife
3%
Semolina
3%
smokers
3%
texpert
3%
Crabalocker
2%
penguin
2%
p'liceman
2%
Element'ry
1%
pilchards
1%
p'licemen
1%
snied
1%
No matching quizzes found
Score Distribution
Percent of People with Each Score
Percentile by Number Answered
Your Score History
You have not taken this quiz